000 00645nam a2200229 i 4500
001 53362
003 ES-MaACL
005 20230906162742.0
007 t|
008 021129s2002 sp ||||0| spa j
020 _a84-95498-06-5
040 _aM-BN
_bspa
_cM-BN
080 _a821.134.2-14"19"
100 1 _aAute, Luis Eduardo.
_923974
245 1 0 _aVolver al agua
_b: poesía completa (1970-2002) /
_cLuis Eduardo Aute.
260 _aMadrid :
_bSIAL,
_c[2002]
300 _a151 p ;
_c21 cm.
490 1 _aContrapunto ;
_v8
830 0 _aContrapunto ;
_v8
_9176671
852 _aES-MaACL
_jL-26555
_bR.132036
999 _c53362
_d53362